000 00576nam a22002057a 4500
999 _c12129
_d12129
003 AR-CdUCM
008 190405b ||||| |||| 00| 0 spa d
040 _aMUNICIPALIDAD PROVINCIAL DEL CUSCO
_cBIBLIOTECA MUNICIPAL DEL CUSCO
082 _a869.56 /
_bA17 / 1970
100 _aAcevedo, Julia
_929821
245 _aPoemas /
260 _aCusco :
_c1970.
300 _a26 páginas ;
_c10 cm.
505 _aContenido: Poemas cusqueños.
650 _aPoemas cusqueños
_917957
650 _aCusco
_9772
650 _aPoemario
_91041
942 _2ddc
_cLIBROS
945 _adavv